<?xml version="1.0" encoding="UTF-8"?>
<collection xmlns="http://www.loc.gov/MARC21/slim">
 <record>
  <leader>00760nam a2200157Ia 4500</leader>
  <controlfield tag="001">UIH_04732</controlfield>
  <controlfield tag="008">231011s9999    xx            000 0 und d</controlfield>
  <datafield tag="082" ind1=" " ind2=" ">
   <subfield code="a"> 621.3192</subfield>
  </datafield>
  <datafield tag="100" ind1=" " ind2=" ">
   <subfield code="a"> Trần Bách</subfield>
  </datafield>
  <datafield tag="245" ind1=" " ind2="0">
   <subfield code="a"> Lưới điện và hệ thống điện. Tập 3, Các thông số của đường dây, đường dây dài siêu cáo áp và hệ thống tải điện, tính toán cơ học đường dây tải điện trên không</subfield>
  </datafield>
  <datafield tag="245" ind1=" " ind2="0">
   <subfield code="c"> Trần Bách</subfield>
  </datafield>
  <datafield tag="260" ind1=" " ind2=" ">
   <subfield code="b"> Khoa học và Kỹ thuật</subfield>
  </datafield>
  <datafield tag="260" ind1=" " ind2=" ">
   <subfield code="c"> 2008</subfield>
  </datafield>
  <datafield tag="650" ind1=" " ind2=" ">
   <subfield code="a"> Hệ thống điện; Lưới điện; </subfield>
  </datafield>
  <datafield tag="927" ind1=" " ind2=" ">
   <subfield code="a">Sách</subfield>
  </datafield>
  <datafield tag="980" ind1=" " ind2=" ">
   <subfield code="a">Trung tâm Thư viện - Trường Đại học Công nghiệp TP. Hồ Chí Minh</subfield>
  </datafield>
 </record>
</collection>
